Statistics for 30 Celebrities who Died in 2016

Click here to take the quiz!

General Stats

  • This quiz has been taken 93 times
  • The average score is 7 of 30

Answer Stats

Known ForClueDeathAnswer% Correct
SingerPurple Rain21 AprPrince
88%
SingerSpace Oddity10 JanDavid Bowie
79%
SingerCareless Whisper25 DecGeorge Michael
66%
ActressStar Wars27 DecCarrie Fisher
65%
NovelistTo Kill a Mockingbird19 FebHarper Lee
54%
SingerHallelujah07 NovLeonard Cohen
46%
ActorWilly Wonka & the Chocolate Factory29 AugGene Wilder
45%
BoxerHeavyweight03 JunMuhammad Ali
43%
TheatreDie Hard14 JanAlan Rickman
40%
ActressSingin' in the Rain28 DecDebbie Reynolds
37%
First LadyHellcats of the Navy06 MarNancy Reagan
35%
GolferU.S. Open 1960 Win25 SepArnold Palmer
20%
ActressThe Brady Bunch24 NovFlorence Henderson
16%
Record ProducerRingo's Theme8 MarGeorge Martin
15%
WrestlerFemale20 AprChyna
13%
ActorGrowing Pains13 DecAlan Thicke
12%
AuthorNight02 JulElie Wiesel
10%
DirectorThe Deer Hunter02 JulMichael Cimino
10%
ActorStar Treck18 JunAnton Yelchin
7%
ComedianThe Larry Sanders Show24 MarGarry Shandling
7%
DirectorPretty Woman19 JulGarry Marshall
6%
DirectorL.A. Confidetial20 SepCurtis Hanson
5%
PlaywrightWho's Afraid of Virginia Woolf?16 SepEdward Albee
5%
DirectorTaste of Cherry04 JulAbbas Kiarostami
4%
SingerMama Tried06 AprMerle Haggard
4%
ActorThe Godfather26 JanAbe Vigoda
2%
ActressThe Wedding Singer11 SepAlexis Arquette
2%
SingerL.A. Freeway17 MarGuy Clark
2%
MusicianA Song For You13 NovLeon Russell
1%
ActressThe Fresh Prince of Bel-Air18 DecZsa Zsa Gabor
1%

Score Distribution

Percentile by Number Answered

Percent of People with Each Score

Your Score History

You have not taken this quiz